[Event "I Torneo Low-cost Cape"]
[Site "Madrid ESP"]
[Date "2009.08.04"]
[Round "2.13"]
[White "Sierra Bermejo, Gregorio"]
[Black "Fernandez Gil, Ruben C"]
[Result "1-0"]
[WhiteElo "1763"]
[BlackElo "1596"]
[PlyCount "79"]
[EventDate "2009.08.03"]
[EventType "swiss"]
[EventRounds "8"]
[EventCountry "ESP"]
[Source "lmi"]
[SourceDate "2009.08.03"]

1. c4 c5 2. Nf3 d6 3. g3 g6 4. Bg2 Bg7 5. O-O Nf6 6. Nc3 O-O 7. Rb1 Nc6 8. a3
Bf5 9. d3 Nd7 10. Nh4 Be6 11. Bd2 a6 12. b4 cxb4 13. axb4 Nde5 14. b5 axb5 15.
Nxb5 Qd7 16. Nf3 Nxf3+ 17. Bxf3 Bh3 18. Re1 Ne5 19. Bh1 Bg4 20. Qc2 Rab8 21.
Nc3 Rfc8 22. Nd5 b5 23. Qb3 e6 24. Ne3 h6 25. Nxg4 Nxg4 26. cxb5 Rc5 27. b6 Rh5
28. h4 Rf5 29. Bf3 Ne5 30. Be4 Rf6 31. Qb5 Qe7 32. Rec1 d5 33. Bg2 Bf8 34. Rc7
Qxc7 35. bxc7 Rxb5 36. Rxb5 Nc6 37. c8=Q Na7 38. Qd8 Rxf2 39. Kxf2 Nxb5 40.
Bxh6 1-0

[Event "I Torneo Low-cost Cape"]
[Site "Madrid ESP"]
[Date "2009.08.04"]
[Round "2.14"]
[White "Zuazua Conde, Ivan Javier"]
[Black "Sierra Soria, Maria"]
[Result "1/2-1/2"]
[WhiteElo "1442"]
[BlackElo "1776"]
[PlyCount "52"]
[EventDate "2009.08.03"]
[EventType "swiss"]
[EventRounds "8"]
[EventCountry "ESP"]
[Source "lmi"]
[SourceDate "2009.08.03"]

1. d4 d5 2. c4 dxc4 3. e3 e6 4. Bxc4 Nf6 5. Nf3 c5 6. O-O Be7 7. Nc3 a6 8. Be2
O-O 9. Qc2 cxd4 10. Rd1 Qc7 11. exd4 b5 12. a3 Bb7 13. h3 Nbd7 14. Bg5 Rac8 15.
Rac1 Nb6 16. Qb1 Qd6 17. Ne5 Nfd5 18. Bxe7 Qxe7 19. Nxd5 Nxd5 20. Rxc8 Rxc8 21.
Rc1 Qg5 22. Rxc8+ Bxc8 23. Qc2 Bb7 24. Nf3 Qe7 25. Bd3 g6 26. Be4 Nf4 1/2-1/2

[Event "I Torneo Low-cost Cape"]
[Site "Madrid ESP"]
[Date "2009.08.05"]
[Round "3.2"]
[White "Martin Mazuelo, Miguel Angel"]
[Black "Ventas Cosano, David"]
[Result "0-1"]
[WhiteElo "1929"]
[BlackElo "2148"]
[PlyCount "92"]
[EventDate "2009.08.03"]
[EventType "swiss"]
[EventRounds "8"]
[EventCountry "ESP"]
[Source "lmi"]
[SourceDate "2009.08.03"]

1. e4 c6 2. Nc3 d5 3. Nf3 dxe4 4. Nxe4 Nf6 5. Nxf6+ exf6 6. d4 Bg4 7. Be2 Bd6
8. c3 O-O 9. O-O Re8 10. Re1 Bc7 11. Bd2 Qd6 12. g3 Qd5 13. Qb3 Qxb3 14. axb3
Nd7 15. Kg2 a6 16. Bd3 Red8 17. b4 Ne5 18. Be2 Nxf3 19. Bxf3 Bxf3+ 20. Kxf3 Re8
21. Bf4 Bxf4 22. Kxf4 Re6 23. Re3 Rd8 24. Rae1 Rdd6 25. Kf3 Kf8 26. Re4 Ke7 27.
R1e3 h6 28. Ke2 Kd7 29. Kd3 Ke7 30. Ke2 Rd5 31. f4 Rh5 32. h4 Kd7 33. Kf3 Rb5
34. Re2 h5 35. Ke3 a5 36. bxa5 Rxa5 37. Kd3 Ra1 38. R4e3 Rg1 39. Kc4 b6 40. d5
cxd5+ 41. Kxd5 g6 42. Kc4 Rd1 43. Rd3+ Rd6 44. Rxd6+ Kxd6 45. Re3 Rd5 46. Rd3
b5+ 0-1

[Event "I Torneo Low-cost Cape"]
[Site "Madrid ESP"]
[Date "2009.08.05"]
[Round "3.3"]
[White "Garcia Sanz, Eduardo"]
[Black "Garcia Amodia, Daniel"]
[Result "0-1"]
[WhiteElo "1968"]
[BlackElo "1976"]
[PlyCount "86"]
[EventDate "2009.08.03"]
[EventType "swiss"]
[EventRounds "8"]
[EventCountry "ESP"]
[Source "lmi"]
[SourceDate "2009.08.03"]

1. Nf3 Nf6 2. c4 g6 3. b3 Bg7 4. Bb2 c5 5. d3 e6 6. e4 Nc6 7. Qe2 O-O 8. e5 Ne8
9. g3 d6 10. Nbd2 f5 11. exf6 Bxf6 12. Bxf6 Qxf6 13. Rd1 e5 14. Bg2 Bf5 15. O-O
Bg4 16. Qe4 Bf5 17. Qe3 Rd8 18. Ng5 Qe7 19. Nde4 Bxe4 20. dxe4 Nd4 21. h4 Ng7
22. f3 Nge6 23. Kh2 Nxg5 24. hxg5 Rf7 25. f4 Rdf8 26. Rf2 exf4 27. gxf4 Rxf4
28. Rxf4 Qe5 29. Rdf1 Ne6 30. Qg3 Rxf4 31. Rxf4 Qxf4 32. Qxf4 Nxf4 33. e5 Nxg2
34. Kxg2 dxe5 35. a3 a5 36. Kf3 Kf7 37. Ke3 Ke6 38. Ke4 b6 39. a4 Kd6 40. Ke3
Ke7 41. Kf3 Kf7 42. Ke3 h5 43. gxh6 g5 0-1

[Event "I Torneo Low-cost Cape"]
[Site "Madrid ESP"]
[Date "2009.08.05"]
[Round "3.4"]
[White "Tejedor Ariza, Francisco"]
[Black "Avendano Mateos, Jose"]
[Result "1/2-1/2"]
[WhiteElo "2170"]
[BlackElo "1925"]
[PlyCount "69"]
[EventDate "2009.08.03"]
[EventType "swiss"]
[EventRounds "8"]
[EventCountry "ESP"]
[Source "lmi"]
[SourceDate "2009.08.03"]

1. b3 d5 2. Bb2 Bf5 3. Nf3 Nd7 4. e3 Ngf6 5. Be2 e6 6. O-O Bd6 7. d3 O-O 8. c4
c6 9. Nc3 Qc7 10. h3 dxc4 11. bxc4 e5 12. g4 Bg6 13. g5 Ne8 14. e4 Bh5 15. Nh2
Bxe2 16. Qxe2 Nc5 17. Bc1 Ne6 18. Be3 f6 19. Qg4 Nd4 20. g6 hxg6 21. Qxg6 Qf7
22. Qxf7+ Kxf7 23. Bxd4 exd4 24. Ne2 Rh8 25. Kg2 Bxh2 26. Kxh2 g5 27. Rab1 b6
28. Kg2 Ng7 29. Nxd4 Rad8 30. Nxc6 Rxd3 31. Nxa7 Ne6 32. Rb3 Nf4+ 33. Kh2
Rhxh3+ 34. Kg1 Ne2+ 35. Kg2 1/2-1/2

[Event "I Torneo Low-cost Cape"]
[Site "Madrid ESP"]
[Date "2009.08.05"]
[Round "3.5"]
[White "Garcia-Ines Sanchez, Gustavo"]
[Black "Caballero Gallego, Luis"]
[Result "0-1"]
[WhiteElo "1793"]
[BlackElo "1908"]
[PlyCount "38"]
[EventDate "2009.08.03"]
[EventType "swiss"]
[EventRounds "8"]
[EventCountry "ESP"]
[Source "lmi"]
[SourceDate "2009.08.03"]

1. e4 c5 2. Nf3 d6 3. d4 cxd4 4. Nxd4 Nf6 5. Nc3 a6 6. Bc4 e6 7. g4 h6 8. Be3
Nbd7 9. f4 b5 10. Bxe6 fxe6 11. Nxe6 Qe7 12. Nc7+ Kd8 13. Nxa8 Nxe4 14. Qe2
Nxc3 15. bxc3 Bb7 16. O-O Bxa8 17. Rad1 Qe4 18. h4 Qh1+ 19. Kf2 Qxh4+ 0-1

[Event "I Torneo Low-cost Cape"]
[Site "Madrid ESP"]
[Date "2009.08.05"]
[Round "3.6"]
[White "Vallejo Nuño, Jorge"]
[Black "Bartolome Chicharro, Jesus"]
[Result "1/2-1/2"]
[WhiteElo "2083"]
[BlackElo "1823"]
[PlyCount "40"]
[EventDate "2009.08.03"]
[EventType "swiss"]
[EventRounds "8"]
[EventCountry "ESP"]
[Source "lmi"]
[SourceDate "2009.08.03"]

1. e4 e6 2. b3 d5 3. Bb2 d4 4. Nf3 c5 5. c3 dxc3 6. Nxc3 a6 7. Be2 Nc6 8. O-O
f6 9. Kh1 Nge7 10. Nh4 Nd4 11. f4 Bd7 12. b4 cxb4 13. Nd5 Nxe2 14. Nxf6+ gxf6
15. Bxf6 Rg8 16. Qxe2 Bg7 17. Qh5+ Kf8 18. e5 Bxf6 19. exf6 Nf5 20. Qxh7 Nxh4
1/2-1/2

[Event "I Torneo Low-cost Cape"]
[Site "Madrid ESP"]
[Date "2009.08.05"]
[Round "3.7"]
[White "Escobar Peña, Rafael"]
[Black "Ananian, Arman"]
[Result "1/2-1/2"]
[WhiteElo "1991"]
[BlackElo "1790"]
[PlyCount "97"]
[EventDate "2009.08.03"]
[EventType "swiss"]
[EventRounds "8"]
[EventCountry "ESP"]
[Source "lmi"]
[SourceDate "2009.08.03"]

1. e4 d5 2. exd5 Qxd5 3. Nc3 Qd6 4. Nf3 Nf6 5. d4 a6 6. h3 g6 7. Be3 Bf5 8. Ne5
Bg7 9. Bd3 Bxd3 10. Qxd3 Nd5 11. a3 Nc6 12. Ne4 Qd8 13. f4 Nxe3 14. Qxe3 Qxd4
15. Qxd4 Nxd4 16. O-O Ne2+ 17. Kh2 Nxf4 18. Nxf7 Kxf7 19. Rxf4+ Ke8 20. Kh1 Rf8
21. Rxf8+ Kxf8 22. Nc5 Kg8 23. c3 c6 24. Nxb7 Rb8 25. Nc5 Rxb2 26. Nxa6 Rb6 27.
Nb4 Bxc3 28. Rc1 Bxb4 29. axb4 Rxb4 30. Rxc6 Kf7 31. Kh2 h5 32. Kg3 e6 33. Rc8
Kf6 34. Rf8+ Kg5 35. Re8 h4+ 36. Kf3 Rb3+ 37. Kf2 Rb6 38. Ke3 Kf5 39. Rf8+ Ke5
40. Rg8 Rb3+ 41. Kf2 Rg3 42. Rh8 g5 43. Rg8 Ke4 44. Re8 e5 45. Rg8 Kf5 46. Rf8+
Ke4 47. Rg8 Kd5 48. Rd8+ Ke4 49. Rg8 1/2-1/2

[Event "I Torneo Low-cost Cape"]
[Site "Madrid ESP"]
[Date "2009.08.05"]
[Round "3.8"]
[White "Rodriguez Ballespin, Daniel"]
[Black "Sierra Bermejo, Gregorio"]
[Result "0-1"]
[WhiteElo "1937"]
[BlackElo "1763"]
[PlyCount "40"]
[EventDate "2009.08.03"]
[EventType "swiss"]
[EventRounds "8"]
[EventCountry "ESP"]
[Source "lmi"]
[SourceDate "2009.08.03"]

1. f4 d5 2. Nf3 Nf6 3. g3 e6 4. Bg2 Nbd7 5. d3 Be7 6. O-O O-O 7. Re1 c6 8. c3
Qc7 9. Qc2 Re8 10. e4 e5 11. fxe5 Nxe5 12. Nxe5 Qxe5 13. Bf4 Qh5 14. exd5 Bc5+
15. Kf1 Rxe1+ 16. Kxe1 Qxh2 17. d4 Qg1+ 18. Bf1 Bh3 19. Qf2 Re8+ 20. Be5 Rxe5+
0-1

[Event "I Torneo Low-cost Cape"]
[Site "Madrid ESP"]
[Date "2009.08.05"]
[Round "3.9"]
[White "Lorente Manzanarez, Luis Santia"]
[Black "Romero Jaime, Pedro"]
[Result "1-0"]
[WhiteElo "1924"]
[BlackElo "1737"]
[PlyCount "111"]
[EventDate "2009.08.03"]
[EventType "swiss"]
[EventRounds "8"]
[EventCountry "ESP"]
[Source "lmi"]
[SourceDate "2009.08.03"]

1. d4 Nf6 2. c4 Nc6 3. Nc3 e6 4. a3 d6 5. Nf3 g6 6. e4 Bg7 7. Be3 O-O 8. Be2
Re8 9. O-O Nd7 10. Qc2 e5 11. dxe5 Ndxe5 12. Nxe5 Nxe5 13. Rad1 Be6 14. b3 Ng4
15. Bxg4 Bxg4 16. f3 Bd7 17. Bc1 f5 18. Bb2 f4 19. Nd5 Bxb2 20. Qxb2 Rf8 21.
Rd2 a5 22. a4 c6 23. Nc3 Qe7 24. Rfd1 Rf6 25. Qa3 Qe5 26. Ne2 c5 27. Rd5 Qe7
28. Qb2 Bc6 29. R5d3 Rd8 30. Qd2 g5 31. Qxa5 g4 32. Kf2 Rh6 33. Qd2 Qh4+ 34.
Kf1 Qxh2 35. Qxf4 Qxf4 36. Nxf4 Rh1+ 37. Kf2 Rxd1 38. Rxd1 Rf8 39. Kg3 Rf6 40.
Nd5 Re6 41. Nc7 Re7 42. Nb5 gxf3 43. gxf3 Bxb5 44. cxb5 Re6 45. a5 Kf7 46. a6
bxa6 47. bxa6 d5 48. Rxd5 Rxa6 49. Rxc5 Rb6 50. Rc3 h5 51. Kf4 Kg6 52. Re3 Rb4
53. Kg3 Rd4 54. e5 h4+ 55. Kh3 Rf4 56. e6 1-0

[Event "I Torneo Low-cost Cape"]
[Site "Madrid ESP"]
[Date "2009.08.05"]
[Round "3.12"]
[White "Fariñas Lucas, Juan Antonio"]
[Black "Zuazua Conde, Ivan Javier"]
[Result "0-1"]
[WhiteElo "1772"]
[BlackElo "1442"]
[PlyCount "47"]
[EventDate "2009.08.03"]
[EventType "swiss"]
[EventRounds "8"]
[EventCountry "ESP"]
[Source "lmi"]
[SourceDate "2009.08.03"]

1. e4 e5 2. Nf3 Nc6 3. d4 exd4 4. c3 d5 5. e5 dxc3 6. Nxc3 d4 7. Bg5 Be7 8.
Bxe7 Ngxe7 9. Nb5 Bg4 10. Nbxd4 Nxd4 11. Qxd4 Bxf3 12. Qxd8+ Rxd8 13. gxf3 O-O
14. Rd1 Rxd1+ 15. Kxd1 Rd8+ 16. Kc2 Rd5 17. f4 c6 18. Bd3 Rd4 19. f5 Rf4 20. f6
Rxf2+ 21. Kc1 gxf6 22. Rg1+ Kh8 23. Rf1 Rxf1+ 24. Bxf1 0-1

[Event "I Torneo Low-cost Cape"]
[Site "Madrid ESP"]
[Date "2009.08.05"]
[Round "3.15"]
[White "Gormaz Lietor, Andres Miguel"]
[Black "Fernandez Gil, Ruben C"]
[Result "1-0"]
[WhiteElo "1825"]
[BlackElo "1596"]
[PlyCount "59"]
[EventDate "2009.08.03"]
[EventType "swiss"]
[EventRounds "8"]
[EventCountry "ESP"]
[Source "lmi"]
[SourceDate "2009.08.03"]

1. e4 e6 2. d4 d5 3. e5 b6 4. Bd3 Ba6 5. Bxa6 Nxa6 6. c4 Qd7 7. cxd5 exd5 8.
Nc3 Bb4 9. Nge2 Ne7 10. Qd3 Nb8 11. O-O O-O 12. Bg5 c6 13. a3 Bxc3 14. Nxc3 h6
15. Bh4 Ng6 16. Bg3 h5 17. h3 h4 18. Bh2 Qe7 19. f4 f5 20. exf6 Qxf6 21. f5 Ne7
22. Be5 Qg5 23. f6 gxf6 24. Rf4 f5 25. Raf1 Rf7 26. Qf3 Nd7 27. Rg4 Qxg4 28.
hxg4 Rff8 29. Bd6 fxg4 30. Qxg4+ 1-0

[Event "I Torneo Low-cost Cape"]
[Site "Madrid ESP"]
[Date "2009.08.06"]
[Round "4.2"]
[White "Garcia Amodia, Daniel"]
[Black "Caballero Gallego, Luis"]
[Result "0-1"]
[WhiteElo "1976"]
[BlackElo "1908"]
[PlyCount "66"]
[EventDate "2009.08.03"]
[EventType "swiss"]
[EventRounds "8"]
[EventCountry "ESP"]
[Source "lmi"]
[SourceDate "2009.08.03"]

1. e4 c5 2. Nf3 d6 3. d4 cxd4 4. Nxd4 Nf6 5. Nc3 a6 6. a4 e5 7. Nb3 Be6 8. Bg5
Nbd7 9. Bd3 Be7 10. O-O d5 11. exd5 Nxd5 12. Bxe7 Nxc3 13. Bxd8 Nxd1 14. Raxd1
Rxd8 15. Nc1 Nc5 16. b3 Ke7 17. Rfe1 f6 18. f3 Rd6 19. Be2 Rhd8 20. Rxd6 Rxd6
21. Nd3 Nxd3 22. Bxd3 Bxb3 23. Rb1 Bxa4 24. Rxb7+ Rd7 25. Bxa6 Rxb7 26. Bxb7
Bxc2 27. Kf2 f5 28. g3 g5 29. f4 h6 30. Ke3 Kd6 31. h4 exf4+ 32. gxf4 gxh4 33.
Bf3 h3 0-1

[Event "I Torneo Low-cost Cape"]
[Site "Madrid ESP"]
[Date "2009.08.06"]
[Round "4.3"]
[White "Avendano Mateos, Jose"]
[Black "Rodriguez De Castro, Ayar"]
[Result "0-1"]
[WhiteElo "1925"]
[BlackElo "2084"]
[PlyCount "58"]
[EventDate "2009.08.03"]
[EventType "swiss"]
[EventRounds "8"]
[EventCountry "ESP"]
[Source "lmi"]
[SourceDate "2009.08.03"]

1. d4 d5 2. Nf3 Nf6 3. Bf4 e6 4. e3 c5 5. c3 Nc6 6. h3 Bd6 7. Bxd6 Qxd6 8. Bd3
O-O 9. O-O e5 10. dxe5 Nxe5 11. Nxe5 Qxe5 12. Nd2 Rd8 13. Nf3 Qh5 14. Be2 a5
15. c4 Qg6 16. Kh2 Be6 17. cxd5 Bxd5 18. Qa4 Bc6 19. Qc4 Rd2 20. Nh4 Qe4 21.
Rab1 Rxe2 22. Qxe2 Qxh4 23. Rfd1 Ne4 24. g3 Qh6 25. f4 Re8 26. Rbc1 Qe6 27. b3
h5 28. Rg1 Qd5 29. Rcd1 Nc3 0-1

[Event "I Torneo Low-cost Cape"]
[Site "Madrid ESP"]
[Date "2009.08.06"]
[Round "4.4"]
[White "Tejedor Ariza, Francisco"]
[Black "Garcia Sanz, Eduardo"]
[Result "0-1"]
[WhiteElo "2170"]
[BlackElo "1968"]
[PlyCount "124"]
[EventDate "2009.08.03"]
[EventType "swiss"]
[EventRounds "8"]
[EventCountry "ESP"]
[Source "lmi"]
[SourceDate "2009.08.03"]

1. e4 c6 2. Qe2 d5 3. d3 g6 4. g3 Bg7 5. Bg2 e6 6. Nd2 Ne7 7. c3 Nd7 8. f4 dxe4
9. Nxe4 O-O 10. Nf3 b6 11. Be3 Qc7 12. O-O Bb7 13. Bf2 c5 14. Rad1 Nf6 15. Nfg5
Nxe4 16. Bxe4 Bxe4 17. Nxe4 Nc6 18. g4 Rfe8 19. Bg3 f5 20. Nd2 e5 21. gxf5 exf4
22. Bxf4 Rxe2 23. Bxc7 Rc8 24. Bg3 gxf5 25. Rxf5 Rd8 26. Rf3 Bh6 27. Ne4 Rxe4
28. Rf6 Be3+ 29. Kg2 Ne7 30. Bc7 Rd7 31. Rf3 Re6 32. Bg3 Bh6 33. d4 cxd4 34.
cxd4 Ng6 35. h4 Re4 36. Kh3 Rexd4 37. Rdf1 Rd3 38. Rf6 Nf4+ 39. R1xf4 Bxf4 40.
Rxf4 Rg7 41. Rg4 Rxg4 42. Kxg4 Rd2 43. Be5 Kf7 44. Bc3 Re2 45. Kf5 Rh2 46. Kg5
Rg2+ 47. Kh6 Kg8 48. h5 a5 49. a3 Rg4 50. Be5 Re4 51. Bc3 Re6+ 52. Kg5 h6+ 53.
Kf5 Rc6 54. Be5 a4 55. Ke4 Kf7 56. Kd5 Rc5+ 57. Kd6 Rb5 58. Bd4 Rxh5 59. Bxb6
Rh2 60. Bd4 Rd2 61. Kc5 h5 62. Be3 Re2 0-1

[Event "I Torneo Low-cost Cape"]
[Site "Madrid ESP"]
[Date "2009.08.06"]
[Round "4.5"]
[White "Romero Haro, Florentino"]
[Black "Baeza Escudero, Javier"]
[Result "0-1"]
[WhiteElo "1874"]
[BlackElo "1946"]
[PlyCount "92"]
[EventDate "2009.08.03"]
[EventType "swiss"]
[EventRounds "8"]
[EventCountry "ESP"]
[Source "lmi"]
[SourceDate "2009.08.03"]

1. e4 e5 2. Nf3 Nc6 3. d4 exd4 4. Nxd4 Nf6 5. Nxc6 bxc6 6. e5 Qe7 7. Qe2 Nd5 8.
c4 Ba6 9. b3 g6 10. g3 Bg7 11. Bg2 Qxe5 12. Qxe5+ Bxe5 13. cxd5 Bxa1 14. dxc6
d6 15. Bh6 O-O-O 16. Bh3+ f5 17. Be3 Kb8 18. Na3 Bc3+ 19. Kd1 Bd3 20. Nc2 Be4
21. Rg1 Bxc6 22. Bf1 Bf6 23. Nb4 Bb7 24. Bb5 c5 25. Nd3 a6 26. Ba4 Bf3+ 27. Kc1
g5 28. Bd2 Be4 29. Nb2 d5 30. Re1 Rd6 31. Nd1 d4 32. Nb2 Bd5 33. a3 Re6 34. Rf1
Bc6 35. Bxc6 Rxc6 36. Re1 Kc7 37. Nc4 Kd7 38. Ne5+ Bxe5 39. Rxe5 h6 40. Rxf5
Rb8 41. Rf7+ Ke6 42. Rh7 Kd5 43. f4 gxf4 44. gxf4 Rxb3 45. f5 Rh3 46. Bf4 Ke4
0-1

[Event "I Torneo Low-cost Cape"]
[Site "Madrid ESP"]
[Date "2009.08.06"]
[Round "4.6"]
[White "Sierra Bermejo, Gregorio"]
[Black "Martin Mazuelo, Miguel Angel"]
[Result "0-1"]
[WhiteElo "1763"]
[BlackElo "1929"]
[PlyCount "68"]
[EventDate "2009.08.03"]
[EventType "swiss"]
[EventRounds "8"]
[EventCountry "ESP"]
[Source "lmi"]
[SourceDate "2009.08.03"]

1. c4 e5 2. Nc3 g6 3. g3 Bg7 4. Bg2 d6 5. e3 Nc6 6. Nge2 f5 7. d3 Nf6 8. a3 Rb8
9. Rb1 O-O 10. Qb3 Be6 11. Qc2 Qd7 12. h3 Rbe8 13. b3 g5 14. Bd2 d5 15. Na4 d4
16. Nc5 Qc8 17. Nxe6 Qxe6 18. b4 Kh8 19. b5 Nd8 20. O-O dxe3 21. fxe3 f4 22.
exf4 exf4 23. Rbe1 fxg3 24. Nxg3 Qb6+ 25. Kh1 g4 26. h4 Ne6 27. Nf5 Nd4 28. Qd1
Nxf5 29. Rxf5 Qd6 30. Bb4 Qd7 31. Rxe8 Rxe8 32. Rf1 Qd4 33. Be4 Nxe4 34. Rf8+
Rxf8 0-1

[Event "I Torneo Low-cost Cape"]
[Site "Madrid ESP"]
[Date "2009.08.06"]
[Round "4.8"]
[White "Zuazua Conde, Ivan Javier"]
[Black "Escobar Peña, Rafael"]
[Result "0-1"]
[WhiteElo "1442"]
[BlackElo "1991"]
[PlyCount "122"]
[EventDate "2009.08.03"]
[EventType "swiss"]
[EventRounds "8"]
[EventCountry "ESP"]
[Source "lmi"]
[SourceDate "2009.08.03"]

1. d4 d5 2. c4 c6 3. Nc3 Nf6 4. Nf3 e6 5. Bg5 Nbd7 6. e3 Qa5 7. Nd2 Bb4 8. Qc2
dxc4 9. Bxf6 Nxf6 10. Bxc4 O-O 11. O-O Qc7 12. Nde4 Nxe4 13. Nxe4 Be7 14. Bd3
Bd7 15. Rac1 Rac8 16. Nc5 h6 17. Nxd7 Qxd7 18. Qe2 Bf6 19. Rfd1 Rfd8 20. g3 Qe8
21. b3 e5 22. dxe5 Bxe5 23. Bb1 Qe7 24. Rxd8+ Rxd8 25. Rd1 Kf8 26. Rxd8+ Qxd8
27. Qd3 Qxd3 28. Bxd3 Ke7 29. Kf1 Kd6 30. Ke2 Bc3 31. Bc4 f6 32. Kd3 Be1 33.
Ke2 Bb4 34. Kd3 b5 35. Bg8 f5 36. f3 a5 37. Bf7 Be1 38. Bg8 Ke5 39. Ke2 Bb4 40.
Kd3 Bc5 41. Bh7 g5 42. h3 Bd6 43. g4 f4 44. e4 Bc5 45. Bg6 Be7 46. Bf7 Kd6 47.
Be8 Bf6 48. Bf7 Kc5 49. Be8 a4 50. Bf7 Kb4 51. Kc2 Be5 52. Be6 c5 53. Bd5 c4
54. Be6 Kc5 55. Bd7 a3 56. Be6 Kd4 57. bxc4 bxc4 58. Kd2 c3+ 59. Kc2 Ke3 60.
Bc4 Kxf3 61. Be6 Kxe4 0-1

[Event "I Torneo Low-cost Cape"]
[Site "Madrid ESP"]
[Date "2009.08.06"]
[Round "4.9"]
[White "Garcia-Ines Sanchez, Gustavo"]
[Black "Lucas Garcia, Pedro"]
[Result "0-1"]
[WhiteElo "1793"]
[BlackElo "1907"]
[PlyCount "76"]
[EventDate "2009.08.03"]
[EventType "swiss"]
[EventRounds "8"]
[EventCountry "ESP"]
[Source "lmi"]
[SourceDate "2009.08.03"]

1. e4 c5 2. Nf3 e6 3. c3 Nf6 4. d3 Nc6 5. Nbd2 Be7 6. Be2 Qc7 7. Nf1 d5 8. Ng3
O-O 9. O-O b6 10. Qc2 Bb7 11. Be3 Rad8 12. d4 dxe4 13. Nxe4 Nxe4 14. Qxe4 Nxd4
15. Qg4 Nxe2+ 16. Kh1 e5 17. Bh6 Bf6 18. Bg5 Bxf3 19. gxf3 Bxg5 20. Qxg5 Nf4
21. Rae1 f6 22. Qg4 Rd2 23. Rg1 Qd7 24. Qg3 Ne2 25. Qg2 Nxg1 26. Rxg1 Rxb2 27.
h4 Rd8 28. h5 Qf7 29. Qg4 h6 30. Qf5 Rxf2 31. Rg6 Rd1+ 32. Rg1 Rxg1+ 33. Kxg1
Rxa2 34. Qc8+ Kh7 35. Qf5+ g6 36. Qd3 Ra1+ 37. Kh2 Qa2+ 38. Kg3 Rg1+ 0-1

[Event "I Torneo Low-cost Cape"]
[Site "Madrid ESP"]
[Date "2009.08.06"]
[Round "4.10"]
[White "Bartolome Chicharro, Jesus"]
[Black "Sierra Soria, Maria"]
[Result "1/2-1/2"]
[WhiteElo "1823"]
[BlackElo "1776"]
[PlyCount "23"]
[EventDate "2009.08.03"]
[EventType "swiss"]
[EventRounds "8"]
[EventCountry "ESP"]
[Source "lmi"]
[SourceDate "2009.08.03"]

1. e4 e5 2. Nf3 Nf6 3. Nc3 Bb4 4. a3 Bxc3 5. dxc3 Nc6 6. Bg5 O-O 7. Bc4 d6 8.
O-O Bg4 9. Re1 Qe7 10. h3 Bh5 11. Qd3 Nd8 12. Rad1 1/2-1/2

[Event "I Torneo Low-cost Cape"]
[Site "Madrid ESP"]
[Date "2009.08.06"]
[Round "4.11"]
[White "Ananian, Arman"]
[Black "Cepas Castillo, Juan Carlos"]
[Result "1-0"]
[WhiteElo "1790"]
[BlackElo "1618"]
[PlyCount "53"]
[EventDate "2009.08.03"]
[EventType "swiss"]
[EventRounds "8"]
[EventCountry "ESP"]
[Source "lmi"]
[SourceDate "2009.08.03"]

1. e4 c6 2. d4 d5 3. exd5 cxd5 4. Bd3 Nc6 5. c3 Nf6 6. Bf4 e6 7. Nd2 Be7 8.
Ngf3 O-O 9. Qc2 h6 10. h3 Nh5 11. Be3 Bd6 12. O-O-O Nf4 13. g4 Nxd3+ 14. Qxd3
e5 15. dxe5 Bxe5 16. g5 h5 17. g6 Bf6 18. gxf7+ Rxf7 19. Qg6 Qa5 20. Qxh5 Qxa2
21. Nb1 Bf5 22. Qxf5 Bxc3 23. Nxc3 Qa1+ 24. Qb1 Qa5 25. Rxd5 Qb4 26. Ng5 Rxf2
27. Qh7+ 1-0

[Event "I Torneo Low-cost Cape"]
[Site "Madrid ESP"]
[Date "2009.08.06"]
[Round "4.14"]
[White "Romero Jaime, Pedro"]
[Black "Fariñas Lucas, Juan Antonio"]
[Result "1-0"]
[WhiteElo "1737"]
[BlackElo "1772"]
[PlyCount "73"]
[EventDate "2009.08.03"]
[EventType "swiss"]
[EventRounds "8"]
[EventCountry "ESP"]
[Source "lmi"]
[SourceDate "2009.08.03"]

1. Nf3 Nf6 2. b4 d5 3. e3 e6 4. a3 c5 5. b5 b6 6. Bb2 Bb7 7. c4 Nbd7 8. d4 Ne4
9. Bd3 Ndf6 10. Nc3 Nxc3 11. Bxc3 Be7 12. O-O O-O 13. Ne5 Bd6 14. Bb2 Qc7 15.
f4 dxc4 16. Nxc4 Be4 17. Be2 Rac8 18. Rc1 Qd7 19. a4 Be7 20. Ne5 Qd5 21. Bc4
Qb7 22. Rf2 Rfd8 23. h3 Nd5 24. Qb3 f6 25. Nc6 Rd7 26. g4 Bf8 27. f5 exf5 28.
gxf5 Re8 29. Rf4 Kh8 30. Rxe4 Rxe4 31. Bxd5 Rh4 32. e4 Qc7 33. e5 cxd4 34. Be6
d3 35. Bxd7 Bc5+ 36. Kg2 Qxd7 37. exf6 1-0

[Event "I Torneo Low-cost Cape"]
[Site "Madrid ESP"]
[Date "2009.08.10"]
[Round "5.2"]
[White "Ventas Cosano, David"]
[Black "Garcia Amodia, Daniel"]
[Result "1-0"]
[WhiteElo "2148"]
[BlackElo "1976"]
[PlyCount "65"]
[EventDate "2009.08.03"]
[EventType "swiss"]
[EventRounds "8"]
[EventCountry "ESP"]
[Source "lmi"]
[SourceDate "2009.08.03"]

1. b4 d5 2. Bb2 Nf6 3. e3 e6 4. a3 c5 5. b5 b6 6. f4 Bb7 7. Nf3 Qc7 8. Be2 Nbd7
9. O-O Bd6 10. d3 e5 11. g3 d4 12. fxe5 Bxe5 13. Nxe5 Qxe5 14. e4 O-O 15. Nd2
Rad8 16. a4 Qe6 17. Nc4 Ne5 18. Nxe5 Qxe5 19. Bc1 h6 20. Rf5 Qe6 21. g4 g6 22.
Rf2 Rfe8 23. Bxh6 Nd7 24. Qf1 Ne5 25. Bg5 Rd6 26. Qh3 Nd7 27. Qh6 Qe5 28. Raf1
Qg7 29. Rxf7 Qxf7 30. Rxf7 Kxf7 31. Qh7+ Ke6 32. Qxg6+ Nf6 33. Qxf6+ 1-0

[Event "I Torneo Low-cost Cape"]
[Site "Madrid ESP"]
[Date "2009.08.10"]
[Round "5.3"]
[White "Rodriguez De Castro, Ayar"]
[Black "Martin Mazuelo, Miguel Angel"]
[Result "0-1"]
[WhiteElo "2084"]
[BlackElo "1929"]
[PlyCount "68"]
[EventDate "2009.08.03"]
[EventType "swiss"]
[EventRounds "8"]
[EventCountry "ESP"]
[Source "lmi"]
[SourceDate "2009.08.03"]

1. d4 c5 2. d5 e6 3. c4 exd5 4. cxd5 d6 5. g3 g6 6. Bg2 Bg7 7. e4 Ne7 8. Ne2
O-O 9. O-O b5 10. Nd2 Nd7 11. f4 Bb7 12. Qb3 Qb6 13. Kh1 f5 14. Nc3 a6 15. a4
fxe4 16. Ndxe4 b4 17. a5 Qc7 18. Na4 Bxd5 19. Qd1 Qc6 20. Qc2 Nf5 21. Nb6 Nxb6
22. axb6 Nd4 23. Qd3 c4 24. Qb1 Rfe8 25. Re1 Nb3 26. b7 Qxb7 27. Ra4 Nxc1 28.
Qxc1 Qc6 29. Qc2 b3 30. Qb1 Qxa4 31. Nf6+ Bxf6 32. Bxd5+ Kf8 33. Bxa8 Rxa8 34.
Re6 Qc6+ 0-1

[Event "I Torneo Low-cost Cape"]
[Site "Madrid ESP"]
[Date "2009.08.10"]
[Round "5.4"]
[White "Baeza Escudero, Javier"]
[Black "Garcia Sanz, Eduardo"]
[Result "1-0"]
[WhiteElo "1946"]
[BlackElo "1968"]
[PlyCount "81"]
[EventDate "2009.08.03"]
[EventType "swiss"]
[EventRounds "8"]
[EventCountry "ESP"]
[Source "lmi"]
[SourceDate "2009.08.03"]

1. e4 c6 2. d4 d5 3. Nd2 dxe4 4. Nxe4 Nd7 5. Ng5 Ngf6 6. Bd3 e6 7. N1f3 Bd6 8.
O-O O-O 9. Qe2 Qc7 10. c4 c5 11. Be3 b6 12. Qc2 h6 13. Nh7 Re8 14. dxc5 bxc5
15. Nxf6+ Nxf6 16. h3 Bb7 17. Nd2 Bh2+ 18. Kh1 Bf4 19. Ne4 Nxe4 20. Bxe4 Rab8
21. Bxb7 Bxe3 22. fxe3 Rxb7 23. b3 Qe5 24. Rad1 Qxe3 25. Rf3 Qg5 26. Rfd3 g6
27. Rd6 Rc7 28. Qe4 h5 29. R6d5 Qe7 30. Rd6 Qf6 31. Kh2 Kg7 32. R1d3 Qf5 33.
Qe3 Qf6 34. Qg3 Rec8 35. Rf3 Qe7 36. Qe5+ Kh7 37. Rfd3 Kg8 38. Qf4 Kh7 39. g4
hxg4 40. hxg4 Qh4+ 41. Rh3 1-0